000
00275nam a2200121 a 4500
008
101210s1956|||| d
100
1
_a
Pražák, P.
245
1
0
_a
Bedřich Smetana
260
_b
Osveta
_a
Bratislava
_c
1956
020
_c
2,80
041
_a
slo
044
_a
xo
_c
SK
999
_c
15118
_d
15118